Carnet de bord 2007-2008. (Registro nro. 45419)
[ vista simple ]
| 000 -CABECERA | |
|---|---|
| campo de control de longitud fija | 00307nam a2200121 a 4500 |
| 001 - NÚMERO DE CONTROL | |
| campo de control | 000045930 |
| 005 - FECHA Y HORA DE LA ÚLTIMA TRANSACCIÓN | |
| campo de control | 20201002052530.0 |
| 008 - DATOS DE LONGITUD FIJA--INFORMACIÓN GENERAL | |
| campo de control de longitud fija | 150602s2004 000 spa d |
| 040 ## - FUENTE DE LA CATALOGACIÓN | |
| Centro catalogador/agencia de origen | DO-SdBNP |
| Lengua de catalogación | spa |
| Centro/agencia transcriptor | BNPHU |
| 245 #0 - MENCIÓN DE TÍTULO | |
| Título | Carnet de bord 2007-2008. |
| 260 ## - PUBLICACIÓN, DISTRIBUCIÓN, ETC. | |
| Lugar de publicación, distribución, etc. | s. l., |
| Fecha de publicación, distribución, etc. | s. f. |
| 300 ## - DESCRIPCIÓN FÍSICA | |
| Extensión | 80 p. : |
| Otras características físicas | il. ; |
| Dimensiones | 22 cm. |
| Estado de retiro | Estado de pérdida | Restricciones de uso | No para préstamo | Código de colección | Localización permanente | Ubicación/localización actual | Ubicación en estantería | Fecha de adquisición | Número de inventario | Total de préstamos | Signatura topográfica completa | Código de barras | Fecha visto por última vez | Precio válido a partir de | Tipo de ítem Koha |
|---|---|---|---|---|---|---|---|---|---|---|---|---|---|---|---|
| Monografías: Libros y Folletos | Patrimonio Dominicano | Patrimonio Dominicano | Orden iniciada | 02.06.2015 | LF1 | 45930-10 | 25.06.2020 | 25.06.2020 | No se presta |
